000 00366nam a2200133Ia 4500
005 20260328104309.0
008 260328s9999||||xx |||||||||||||| ||und||
100 _aVan Der Rohe, Mies
245 0 _aYes is More :
_b an Archicomic on Architectural Evolution /
_cMies Van Der Rohe
260 _bTaschen
300 _a397 p.
650 _aGehry, Frank O.
942 _cBK
999 _c10890
_d10890